书目信息 |
| 题名: |
平面设计
|
|
| 作者: | 张晓晴 , 王臣 , 胡鑫 主编 | |
| 分册: | ||
| 出版信息: | 北京 清华大学出版社 2025.03 |
|
| 页数: | 169页 | |
| 开本: | 26cm | |
| 丛书名: | ||
| 单 册: | ||
| 中图分类: | J511 | |
| 科图分类: | ||
| 主题词: | 平面设计 | |
| 电子资源: | ||
| ISBN: | 978-7-302-67858-8 | |
| 000 | 00947nam0 2200265 450 | |
| 001 | 013174229 | |
| 005 | 20251022195601.04 | |
| 010 | @a978-7-302-67858-8@dCNY59.00 | |
| 100 | @a20250414d2025 em y0chiy0120 ea | |
| 101 | 0 | @achi |
| 102 | @aCN@b110000 | |
| 105 | @aa z 000yy | |
| 106 | @ar | |
| 200 | 1 | @a平面设计@9ping mian she ji@f张晓晴,王臣,胡鑫主编 |
| 210 | @a北京@c清华大学出版社@d2025.03 | |
| 215 | @a169页@c图@d26cm | |
| 330 | @a本书共7章,以平面设计的理论知识为主要内容,以平面设计的主流软件Adobe Photoshop CC 2024、Adobe Ilustrator CC 2024和Adobe InDesign CC 2024为操作平台,通过案例任务的设计制作,深入浅出地引领学生了解平面设计的内容、原理和工作过程。 | |
| 510 | 1 | @aGraphic design@zeng |
| 606 | 0 | @a平面设计 |
| 690 | @aJ511@v5 | |
| 701 | 0 | @a张晓晴@9zhang xiao qing@4主编 |
| 701 | 0 | @a王臣@9wang chen@4主编 |
| 701 | 0 | @a胡鑫@9hu xin@4主编 |
| 801 | 0 | @aCN@c20250905 |
| 905 | @a河南城建学院图书馆@dJ511@eZ215@ZZ215@f1 | |
| 平面设计/张晓晴,王臣,胡鑫主编.-北京:清华大学出版社,2025.03 |
| 169页:图;26cm |
| ISBN 978-7-302-67858-8:CNY59.00 |
| 本书共7章,以平面设计的理论知识为主要内容,以平面设计的主流软件Adobe Photoshop CC 2024、Adobe Ilustrator CC 2024和Adobe InDesign CC 2024为操作平台,通过案例任务的设计制作,深入浅出地引领学生了解平面设计的内容、原理和工作过程。 |
| ● |
| 相关链接 |
|
|
|
正题名:平面设计
索取号:J511/Z215
 
预约/预借
| 序号 | 登录号 | 条形码 | 馆藏地/架位号 | 状态 | 备注 |
| 1 | 1631596 | 216315967 | 社科库309/309社科库 86排2列2层/ [索取号:J511/Z215] | 在馆 |